ბათუმის შოთა რუსთაველის სახელმწიფო უნივერსიტეტის ბიბლიოთეკა

Сборник задач по классической электродинамике. (ბიბ.ჩანაწერი № 34984)

000 -LEADER
fixed length control field 00658nam a2200241Ia 4500
001 - CONTROL NUMBER
control field 820
003 - CONTROL NUMBER IDENTIFIER
control field GE_BSU
008 - FIXED-LENGTH DATA ELEMENTS--GENERAL INFORMATION
fixed length control field 181216s||||||||xx |||||||||||||| ||und||
020 ## - INTERNATIONAL STANDARD BOOK NUMBER
International Standard Book Number 9785811408542
040 ## - CATALOGING SOURCE
Transcribing agency GE_BSU
080 ## - UNIVERSAL DECIMAL CLASSIFICATION NUMBER
Universal Decimal Classification number 537(075.8)
100 ## - MAIN ENTRY--PERSONAL NAME
Personal name Алексеев,А.И.
245 ## - TITLE STATEMENT
Title Сборник задач по классической электродинамике.
245 ## - TITLE STATEMENT
Remainder of title Учебное пособие
250 ## - EDITION STATEMENT
Edition statement 2-е,стереот
260 ## - PUBLICATION, DISTRIBUTION, ETC.
Place of publication, distribution, etc. СПБ
260 ## - PUBLICATION, DISTRIBUTION, ETC.
Name of publisher, distributor, etc. Лань
260 ## - PUBLICATION, DISTRIBUTION, ETC.
Date of publication, distribution, etc. 2008
300 ## - PHYSICAL DESCRIPTION
Extent 320стр.
653 ## - INDEX TERM--UNCONTROLLED
Uncontrolled term классическая электродинамика
942 ## - ADDED ENTRY ELEMENTS (KOHA)
Koha item type წიგნი
ეგზემპლარები
Withdrawn status Lost status Damaged status Not for loan Date acquired Barcode Date last seen Price effective from Koha item type Public note
        2018-12-17 2455 2018-12-17 2018-12-17 წიგნი დარბაზი
        2018-12-17 2456 2018-12-17 2018-12-17 წიგნი დარბაზი